000 00467nam a2200145 4500
999 _c10719
_d10719
008 180918b ||||| |||| 00| 0 eng d
022 _a2094-8042
082 _aDPer 370.105 M72 Jan-Dec 2011 v59-60
100 _931262
_aUreta-Ariñas, Jovita
245 _aFacts about epilepsy/
_cJovita Ureta-Ariñas.
260 _aPhilippines:
_bIn the Grade School, Inc.,
_cc2011.
300 _av60 n4, pages 156-158;
_c27cm.
650 0 _931263
_aEpilepsy.
942 _2ddc
_cPER